000 01180cam a2200337 a 4500
001 28881
003 BD-RjUL
005 20211209051337.0
008 140401r19571932nyu b 000 0 eng d
035 _a(BD-RjUL)28965
040 _aDLC
_cDLC
_dDLC
_dBD-RjUL
_beng
041 1 _aengger
082 0 0 _a291.42
_219
_bOTM 1957
100 1 _aOtto, Rudolf,
_d1869-1937.
_988283
245 1 0 _aMysticism East and West :
_ba comparative analysis of the nature of mysticism /
_cRudolf Otto.
250 _aLiving Age Ed.
260 _aWheaton, Ill., U.S.A. :
_bThesophical Pub. House,
_c c1932. [Reprinted 1957]
300 _aix, 262 p. ;
_c17cm.
490 0 _aA Quest book
500 _aTranslation of: West-östliche Mystik. English
500 _aReprint. Originally published: New York : Collier Books, 1962, c1960.
504 _aIncludes bibliographical references.
600 0 0 _aEckhart,
_cMeister,
_d-1327.
_988284
600 0 0 _aŚaṅkarācārya.
_988285
650 0 _aMysticism
_xComparative studies.
_988286
650 0 _aPhilosophy and religion.
_92766
942 _2ddc
_cBK
_01
999 _c28881
_d28881